Statistics for U.S. Cities with Direct Flights to London

Click here to take the quiz!

General Stats

  • This quiz has been taken 541 times
  • The average score is 25 of 31

Answer Stats

London AirportCity% Correct
Heathrow/GatwickNew York City
100%
Heathrow/GatwickMiami
97%
Heathrow/GatwickBoston
96%
Heathrow/GatwickLos Angeles
96%
Heathrow/GatwickChicago
95%
HeathrowDallas
95%
HeathrowHouston
94%
Heathrow/GatwickSan Francisco
94%
Heathrow/GatwickSeattle
92%
HeathrowWashington, D.C.
92%
HeathrowAtlanta
89%
HeathrowPhiladelphia
89%
GatwickOrlando
88%
Heathrow/GatwickDenver
85%
HeathrowSan Diego
85%
HeathrowDetroit
84%
Heathrow/GatwickLas Vegas
83%
HeathrowPhoenix
83%
HeathrowCharlotte
82%
HeathrowAustin
79%
HeathrowMinneapolis
78%
HeathrowPortland
77%
GatwickTampa
77%
HeathrowNew Orleans
76%
HeathrowBaltimore
72%
HeathrowSalt Lake City
68%
HeathrowNashville
67%
HeathrowPittsburgh
62%
HeathrowSan Jose
58%
HeathrowRaleigh
56%
HeathrowCharleston
28%

Score Distribution

Percentile by Number Answered

Percent of People with Each Score

Your Score History

You have not taken this quiz